Les villes les plus algériennes de France - Statistiques

Statistiques générales
  • Ce quiz a été pris 209 fois
  • Le résultat moyen est 3 sur 10
Statistiques - réponses
Ville % Correct
1 Marseille
98%
6 Saint-Denis
49%
5 Roubaix
36%
7 Grenoble
22%
2 Nanterre
19%
8 Argenteuil
15%
9 Bobigny
14%
10 La Courneuve
10%
3 Béziers
5%
4 Vénitieux
0%
Aucun quiz correspondant
Distribution des résultats
% des personnes avec chaque résultat
Percentile par nombre de réponses
Votre historique - résultats
Vous n’avez pas pris ce quiz